000 00398nam a2200169Ia 4500
005 20240823023936.0
008 240823s9999||||xx |||||||||||||| ||und||
041 _aENGLISH
082 _A660 P8
100 _aNeelakantan M A
245 0 _aEngineering Chemistry - II
250 _a5th
260 _c2008
_bJTN Publica
500 _aTransfered
650 _aChemistry
_bChemistry
942 _cBK
999 _c182740
_d182740